000 00697nam a2200229 i 4500
001 C2-0289775
003 PPAK
005 20180728022447.0
008 080910s2008 my a|||| ||||| | may d
040 _aPPAK
_beng
_cPPAK
_erda
082 0 4 _a297.4
_223
090 0 0 _a297.4
_bPUA
_dKK
245 0 0 _aPuasa menghindar penyakit
_bKhutbah Jumaat bil. 33/2008
264 1 _aKedah :
_bJabatan Hal Ehwal Agama Islam Negeri Kedah ,
_c2008
300 _a14 pages :
_bcolour illustrations ;
_c21 cm
336 _2rdacontent
_atext
337 _2rdamedia
_aunmediated
338 _2rdacarrier
_avolume
500 _aKhutbah Jumaat- Teks dalam tulisan jawi
650 1 0 _aIslamic sermons.
942 _ddc
_cB
999 _c95128
_d95128